00844nam a2200265 a 450000100060000000300090000600500170001500800410003201500210007302000150009403500150010904000280012404100080015204300180016008200170017810000420019524500390023726000660027630000210034265000240036394200120038794900110039999900170041095201510042724635CO-ViMGA20230915232011.0141112s2004 ck r 000 u spa d ack - 2000 - xxxx a9507312609 aAGZ6553 LA aCO-ViMGAbspacCO-ViMGA aspa as - ag - - - 04aA864.6 S11r1 aSábato, Ernesto, 1911 - 201193669810aLa resistencia / cErnesto Sabato. aSantafé de Bogotá ; Buenos Aires : bSeix Barral, c2000. a148 p. ; 21 cm.14aEnsayos argentinos. 2ddccBK an n c32448d32448 00102ddc40708003aMEVIECARbMEVIECARd2015-12-04h11/feb/2013l1oA864.6 S11r p25437r2019-03-20 00:00:00s2019-03-13tEj. 1w2015-12-04yBK